000 01115nam a2200277 a 4500
001 814
003 BR-CuiBMT
005 20231128001454.0
008 230808s2021 mgba 000 0 por d
020 _a9786555181647
040 _aBR-CuiBMT
_cBR-CuiBMT
080 _22007
_a347.61:342.7
_x-055.3
_x(81)
090 _a347.61:342.7-055.3(81)
_bN476p
100 1 _aNetto, Manuel Camelo Ferreira da Silva
245 1 0 _aPlanejamento familiar nas famílias LGBT :
_bdesafios sociais e jurídicos do recurso à reprodução humana assistida no Brasil /
_cManuel Camelo Ferreira da Silva Netto ; prefácio Fabíola Albuquerque Lobo.
260 _aBelo Horizonte :
_bFórum,
_cc2021.
300 _a534 p. :
_bil. ;
_c22 cm
490 1 _aColeção Fórum direito civil e seus desafios contemporâneos ;
_vv. 5
504 _aInclui bibliografia.
650 _aDireito das famílias
_zBrasil
650 _aDireito civil
_xTransexuais
_zBrasil
650 _aMovimento LGBT
_xDireitos humanos
650 _aReprodução humana assistida
830 0 _aFórum direito civil e seus desafios contemporâneos ;
_v5
942 _2udc
_cLV
999 _c814
_d814